000 01583nam a22004217a 4500
001 000095490
003 CHAP
005 20220817044105.0
008 060328d2006 mx r 00110 spa d
010 _a91956
011 _a92928
035 _a103495
040 _cCHAP
090 _aTesis
100 1 _aHernández Escobar, Jorge Luis.
_953976
245 1 0 _aDiseño y establecimiento de un sistema agrosilvopastoril en la Esmeralda, Santa María Chimalapa, Oaxaca /
_c/por Jorge Luis Hernández Escobar.
260 _aChapingo, Méx. :
_bEl autor,
_c2006.
300 _a81 h. :
_bilus.
502 _aTesis (Ing. en Agroecología) -- UACH. Departmento de Agroecología
590 _aALEPH
_b10
_c20130110
_lUCH01
_h1510
590 _aBATCH-UPD
_b10
_c20130110
_lUCH01
_h0642
590 _aBATCH-UPD
_b10
_c20130410
_lUCH01
_h0326
590 _aBATCH-UPD
_b10
_c20130913
_lUCH01
_h2212
590 _aBATCH-UPD
_b10
_c20140324
_lUCH01
_h1455
590 _aBATCH-UPD
_b10
_c20141002
_lUCH01
_h0829
590 _aCONVERSION
_b10
_c20130109
_lUCH01
_h1351
590 _aE12093SGE
_b10
_c20130709
_lUCH01
_h1346
650 1 4 _aAgroforestería
_xOaxaca.
_92165
650 1 4 _aRecursos naturales
_xConservación.
650 1 4 _aSistemas agrosilvopascícolas.
_9106737
856 _3Finding aid
_uhttp://10.13.5.2/tesis/103495.pdf
_zTeclea aquí
901 _aBK
905 _aAlejandra Carrasco M.
942 _cFOLL
942 _n0
949 _aTesis
_bBC
_cTES
_d00000001034951
_eTS1
_gDonaciØn
_h44967
_i103495
_sb
949 _aTesis
_bBC
_cTES
_d33724000999520
_eTS2
_fc.2
_gDonaciØn
_h44968
_i103495
_si
999 _c91956
_d91956